20.000 leguas de viaje submarino /

Guardado en:
Autor Principal: Verne, Julio
Otros Autores: Bowen, Carl; adap., Ocampo Ruiz; José Alfonso; il.
Formato: Libro
Publicado: Buenos Aires : Cypres, 2014
Materias:
Etiquetas: Agregar Etiqueta
Sin Etiquetas, Sea el primero en etiquetar este registro!
LEADER 00981nam a22002775a 4500
001 CEM.cems015192
005 20191015154242.0
008 130507s2014##################000#0#####d
003 CEMS
020 |a 9789871208739 
082 0 4 |a 843.8 
100 1 |a Verne, Julio 
245 1 0 |a 20.000 leguas de viaje submarino /  |c Julio Verne ; adaptado Por Carl Bowen ; ilustrado Por José Alfonso Ocampo Ruiz 
260 |a Buenos Aires :  |b Cypres,  |c 2014 
300 |a 72 p. 
500 |a Título original: 20.000 Leagues under the seatraducido por María Carolina Berduque y Juan Cruz De Sabatonovela gráfica 
653 |a Literatura 
653 |a Literatura francesa 
653 |a Literatura infantil 
653 |a Novelas 
653 |a Novelas infantiles 
653 |a Colección ciencias de la educación 
653 |a Novela gráfica 
700 1 |a Bowen, Carl; adap. 
700 1 |a Ocampo Ruiz; José Alfonso; il. 
859 |a CEMS  |b BIB. CEMS - Ccias. Educacion  |h 843.8  |i V594  |k CE  |p 28340.19  |t Ej.1